[Event "I Open"]
[Site "Bergamo ITA"]
[Date "2002.07.27"]
[Round "3"]
[White "Barlocco, Carlo"]
[Black "Niccoli, Paolo"]
[Result "1-0"]
[WhiteElo "2136"]
[BlackElo "1661"]
[PlyCount "83"]
[EventDate "2002.07.26"]

1. e4 e5 2. d4 exd4 3. Qxd4 Nc6 4. Qe3 Nf6 5. Nc3 Bb4 6. Bd2 O-O 7. O-O-O Re8
8. Qg3 d6 9. f3 Be6 10. h4 a5 11. Nh3 a4 12. Nf4 a3 13. b3 Ne5 14. h5 c5 15.
Nxe6 fxe6 16. Bh6 Re7 17. Nb5 Ne8 18. Bg5 c4 19. Qxe5 dxe5 20. Rxd8 Rxd8 21.
Bxe7 Bxe7 22. Bxc4 Kf7 23. c3 Bg5+ 24. Kb1 Rd2 25. Nxa3 Rxg2 26. Rd1 Ke7 27.
Bb5 Nd6 28. Ba4 Bd2 29. c4 Bc3 30. c5 Nf7 31. Rd7+ Kf6 32. Rxb7 Rb2+ 33. Kc1
Rxa2 34. Nb5 Bd4 35. c6 Ra1+ 36. Kc2 Ra2+ 37. Kd3 Ra1 38. Rxf7+ Kxf7 39. c7 Rc1
40. Nd6+ Ke7 41. Nc4 Rc3+ 42. Kd2 1-0

[Event "I Open"]
[Site "Bergamo ITA"]
[Date "2002.07.27"]
[Round "3"]
[White "Bednarich, Jan"]
[Black "Bassis, Ivano"]
[Result "1-0"]
[WhiteElo "2221"]
[BlackElo "1663"]
[PlyCount "79"]
[EventDate "2002.07.26"]

1. e4 d5 2. Nc3 d4 3. Nce2 e5 4. Nf3 Nc6 5. Ng3 Bd6 6. Bc4 Bg4 7. h3 Bxf3 8.
Qxf3 Qf6 9. Qb3 Rb8 10. O-O Nge7 11. d3 O-O 12. a4 Na5 13. Qa2 Nxc4 14. Qxc4
Qg6 15. a5 a6 16. c3 c5 17. Bd2 Rbc8 18. Qb3 Rc6 19. Rab1 Kh8 20. Qxb7 Rb8 21.
Qd7 Rc7 22. Qa4 f5 23. exf5 Nxf5 24. Ne4 Nh4 25. Bg5 Nxg2 26. Kxg2 h6 27. Qd1
Be7 28. Qg4 hxg5 29. h4 Rcb7 30. cxd4 cxd4 31. hxg5 Rb5 32. Rbc1 Kg8 33. Rc7
Kf8 34. Rfc1 Rxb2 35. R1c6 Qf7 36. Re6 Re8 37. g6 Qf4 38. Qh3 Qh4 39. Qf5+ Bf6
40. Rf7+ 1-0

[Event "I Open"]
[Site "Bergamo ITA"]
[Date "2002.07.27"]
[Round "3"]
[White "Belotti, Bruno"]
[Black "Piantoni, Roberto"]
[Result "1-0"]
[WhiteElo "2430"]
[BlackElo "2171"]
[PlyCount "51"]
[EventDate "2002.07.26"]

1. e4 Nf6 2. e5 Nd5 3. d4 d6 4. Nf3 g6 5. Bc4 Nb6 6. Bb3 Bg7 7. a4 a5 8. Ng5 e6
9. f4 dxe5 10. fxe5 c5 11. c3 cxd4 12. O-O O-O 13. cxd4 Nc6 14. Nf3 f6 15. Nc3
fxe5 16. Bg5 Qd7 17. dxe5 Nxe5 18. Nxe5 Rxf1+ 19. Qxf1 Qd4+ 20. Kh1 Qxe5 21.
Bd8 Qc5 22. Ne4 Qb4 23. Ng5 Bd7 24. Qf7+ Kh8 25. Bxe6 Bxe6 26. Nxe6 1-0

[Event "I Open"]
[Site "Bergamo ITA"]
[Date "2002.07.27"]
[Round "3"]
[White "Bemporad, Filippo"]
[Black "Ferretti, Folco"]
[Result "0-1"]
[WhiteElo "2111"]
[BlackElo "2279"]
[PlyCount "82"]
[EventDate "2002.07.26"]

1. d4 Nf6 2. Nf3 e6 3. g3 c5 4. c4 cxd4 5. Nxd4 Nc6 6. Nxc6 bxc6 7. Bg2 Bb4+ 8.
Nd2 O-O 9. O-O d5 10. Nf3 Bd6 11. Qa4 Qb6 12. Be3 c5 13. Rfd1 Ba6 14. b3 Rac8
15. Bd2 Bb7 16. cxd5 exd5 17. Qh4 Rfe8 18. Bh3 Re4 19. Bf4 Bxf4 20. gxf4 Rce8
21. e3 d4 22. Bf5 Qc6 23. Bxe4 Qxe4 24. Qg3 Qxf3 25. Qxf3 Bxf3 26. Rd3 Be2 27.
Rd2 d3 28. Re1 Ne4 29. Rdxe2 dxe2 30. Rxe2 f5 31. Rc2 Rc8 32. Kf1 Kf7 33. Ke2
Ke6 34. Kd3 Rc6 35. b4 Rd6+ 36. Kc4 cxb4 37. Kxb4 Rb6+ 38. Ka5 Kd6 39. a4 Nc5
40. Rd2+ Kc6 41. Ra2 Nb3# 0-1

[Event "I Open"]
[Site "Bergamo ITA"]
[Date "2002.07.27"]
[Round "3"]
[White "Cacco, Christian"]
[Black "Molteni, Costantino"]
[Result "1-0"]
[WhiteElo "2248"]
[BlackElo "1687"]
[PlyCount "65"]
[EventDate "2002.07.26"]

1. d4 c5 2. c3 cxd4 3. cxd4 d5 4. Nc3 Nf6 5. Nf3 Nc6 6. a3 Bf5 7. Bf4 e6 8. e3
Bd6 9. Bxd6 Qxd6 10. Bd3 Bxd3 11. Qxd3 a6 12. O-O O-O 13. Rad1 Rad8 14. Rfe1
Qc7 15. e4 dxe4 16. Nxe4 Qe7 17. Nc5 Rd5 18. Qc4 Rc8 19. b4 b5 20. Qe2 Qa7 21.
Rd2 Rcd8 22. Red1 Qb6 23. h3 a5 24. bxa5 Nxa5 25. Rb1 Rb8 26. Rdb2 Qd6 27. Rxb5
Rxb5 28. Qxb5 Nc6 29. Qb7 Nxd4 30. Qa8+ Qf8 31. Rb8 Nxf3+ 32. gxf3 Nd7 33. Nxd7
1-0

[Event "I Open"]
[Site "Bergamo ITA"]
[Date "2002.07.27"]
[Round "3"]
[White "Chiaretti, Roberto"]
[Black "Naumkin, Igor"]
[Result "0-1"]
[WhiteElo "2199"]
[BlackElo "2436"]
[PlyCount "78"]
[EventDate "2002.07.26"]

1. e4 e6 2. d4 d5 3. e5 c5 4. c3 Nc6 5. Nf3 Qb6 6. a3 Nh6 7. Bd3 cxd4 8. cxd4
Nf5 9. Bxf5 exf5 10. Nc3 Be6 11. O-O h6 12. Na4 Qb5 13. Nc3 Qa6 14. h4 Be7 15.
Qe2 Qb6 16. Qb5 Qxb5 17. Nxb5 Kd7 18. Rd1 Rhg8 19. b4 g5 20. hxg5 hxg5 21. Nc3
f4 22. Bb2 Rg6 23. Ne1 Rh8 24. Ne2 Rgh6 25. f3 Bd8 26. Nd3 b6 27. Kf2 Ne7 28.
Bc1 Bf5 29. b5 Rh2 30. Nb4 Be6 31. Bd2 Nf5 32. Rg1 Be7 33. Nd3 Rc8 34. Rac1 Rc4
35. Ne1 Bxa3 36. Ra1 Bb2 37. Rxa7+ Ke8 38. Rb7 Rxd4 39. Nxd4 Bxd4+ 0-1

[Event "I Open"]
[Site "Bergamo ITA"]
[Date "2002.07.27"]
[Round "3"]
[White "Contin, Daniel"]
[Black "Navarro, Stefano"]
[Result "1-0"]
[WhiteElo "2334"]
[BlackElo "2122"]
[PlyCount "77"]
[EventDate "2002.07.26"]

1. c4 e5 2. Nc3 d6 3. g3 f5 4. d4 Be7 5. Bg2 Nf6 6. dxe5 dxe5 7. Qxd8+ Bxd8 8.
b3 c6 9. Bd2 h6 10. e4 Bc7 11. Nge2 O-O 12. exf5 Bxf5 13. h3 Na6 14. g4 Bg6 15.
Ng3 Rad8 16. Nce4 Rd4 17. Nxf6+ Rxf6 18. Be3 Ba5+ 19. Kf1 Rd7 20. Be4 Bb6 21.
Bxg6 Rxg6 22. Ne4 Bd4 23. Rd1 c5 24. Ke2 Re6 25. h4 Rc7 26. h5 b6 27. Rhg1 Nb4
28. Rd2 Nc6 29. g5 Kh7 30. Rg3 Ne7 31. Rf3 Nc8 32. Rf8 Ne7 33. Rd1 Rec6 34. Rg1
g6 35. gxh6 Bxe3 36. fxe3 Kxh6 37. Rf7 Nc8 38. hxg6 Ne7 39. Rh7# 1-0

[Event "I Open"]
[Site "Bergamo ITA"]
[Date "2002.07.27"]
[Round "3"]
[White "De Santis, Alessio"]
[Black "Efimov, Igor"]
[Result "0-1"]
[WhiteElo "2243"]
[BlackElo "2463"]
[PlyCount "90"]
[EventDate "2002.07.26"]

1. d4 e6 2. e4 d5 3. exd5 exd5 4. Bd3 Nc6 5. c3 Bd6 6. Qe2+ Nge7 7. Bg5 f6 8.
Bh4 O-O 9. Qc2 g5 10. Bg3 f5 11. Bxd6 Qxd6 12. Nd2 Ng6 13. Ne2 Bd7 14. O-O-O
Rab8 15. h4 g4 16. h5 Nf4 17. Nxf4 Qxf4 18. f3 g3 19. Kb1 a5 20. Rh3 Kh8 21.
Nb3 b6 22. Qd2 Qxd2 23. Rxd2 f4 24. Rh4 Rbe8 25. Nc1 Re1 26. Kc2 Rg1 27. h6 Rf6
28. Re2 Kg8 29. Kd2 Nd8 30. Bc2 Nf7 31. Nd3 Bb5 32. a4 Nd6 33. b3 Ba6 34. Rg4+
Kf8 35. Rh4 c6 36. Rh5 Nf7 37. Rh4 Nxh6 38. Rh5 Nf5 39. Rxh7 Ne3 40. Nxf4 Nf1+
41. Ke1 Bxe2 42. Nxe2 Re6 43. Be4 Rxg2 44. Kxf1 Rf2+ 45. Kg1 Rxe2 0-1

[Event "I Open"]
[Site "Bergamo ITA"]
[Date "2002.07.27"]
[Round "3"]
[White "Dondi, Renzo"]
[Black "Rombaldoni, Denis"]
[Result "1-0"]
[WhiteElo "1633"]
[BlackElo "1903"]
[PlyCount "81"]
[EventDate "2002.07.26"]

1. Nf3 d5 2. e3 Nf6 3. c4 e6 4. Be2 Bd6 5. d4 c6 6. c5 Bc7 7. b4 Nbd7 8. Bb2
O-O 9. Nbd2 Qe7 10. Ne5 a5 11. Qa4 Nxe5 12. dxe5 Ne4 13. Nxe4 dxe4 14. O-O Qg5
15. bxa5 Bxe5 16. Bxe5 Qxe5 17. Rac1 f5 18. a6 Rf6 19. axb7 Bxb7 20. Qb3 Rh6
21. g3 Qc7 22. Bc4 Re8 23. Rfd1 Qf7 24. Rd6 g5 25. Qd1 Re7 26. Rb1 Kg7 27. Qd4+
Rf6 28. Bxe6 Rexe6 29. Rd7 Ba6 30. Rxf7+ Kxf7 31. Rb8 f4 32. Qd8 Kg6 33. exf4
gxf4 34. Qg8+ Kf5 35. g4+ Ke5 36. Rd8 e3 37. f3 Rg6 38. Qh8+ Ref6 39. Rd1 Be2
40. Qb8+ Ke6 41. Qe8# 1-0

[Event "I Open"]
[Site "Bergamo ITA"]
[Date "2002.07.27"]
[Round "3"]
[White "Gosio, Denis"]
[Black "Inkiov, Ventzislav V."]
[Result "0-1"]
[WhiteElo "2154"]
[BlackElo "2421"]
[PlyCount "76"]
[EventDate "2002.07.26"]

1. e4 c5 2. Nf3 d6 3. d4 cxd4 4. Nxd4 Nf6 5. Nc3 Nc6 6. Be2 g6 7. Be3 Bg7 8.
O-O O-O 9. Qd2 d5 10. exd5 Nxd5 11. Nxd5 Nxd4 12. Bxd4 Qxd5 13. Rfd1 Rd8 14. c3
Bxd4 15. Qxd4 Qxd4 16. Rxd4 Rxd4 17. cxd4 Be6 18. Bf3 Rd8 19. Rd1 Bxa2 20. Ra1
Bd5 21. Rxa7 Bxf3 22. gxf3 Rd7 23. Kf1 Kg7 24. Ke2 Kf6 25. Ke3 Kg5 26. Ra1 Rd5
27. Rc1 Rd7 28. f4+ Kh4 29. f3 Kh3 30. Rc2 e6 31. Ke4 h5 32. Ke5 Rd5+ 33. Ke4
h4 34. Kd3 Ra5 35. b4 Ra3+ 36. Kc4 Rxf3 37. Kb5 Rxf4 38. Rd2 g5 0-1

[Event "I Open"]
[Site "Bergamo ITA"]
[Date "2002.07.27"]
[Round "3"]
[White "Laketic, Gojko"]
[Black "Ceresoli, Luigi"]
[Result "1-0"]
[WhiteElo "2448"]
[BlackElo "2204"]
[PlyCount "107"]
[EventDate "2002.07.26"]

1. d4 Nf6 2. Nf3 d5 3. c4 e6 4. Nc3 Be7 5. Bg5 O-O 6. e3 Nbd7 7. cxd5 exd5 8.
Qc2 Re8 9. Bd3 c5 10. dxc5 Nxc5 11. O-O Nxd3 12. Qxd3 Be6 13. Nd4 Ng4 14. Bxe7
Rxe7 15. Nf3 Qd6 16. Rfd1 Ne5 17. Nxe5 Qxe5 18. Qd4 Qxd4 19. Rxd4 Rd7 20. Rad1
Rad8 21. f3 Kf8 22. Kf2 h5 23. h4 f6 24. a3 g6 25. R1d2 Ke7 26. Nb5 a6 27. Nc3
Rc8 28. Kg3 Rc4 29. Ne2 Rdc7 30. Nf4 Rxd4 31. Rxd4 Bf7 32. Rd2 Rc5 33. Ne2 b5
34. Nd4 Rc1 35. Rc2 Rxc2 36. Nxc2 a5 37. Nd4 Be8 38. b4 axb4 39. axb4 Bd7 40.
Kf4 Kd6 41. g3 Be8 42. g4 hxg4 43. fxg4 Ke7 44. Ne2 Kd6 45. Nc3 Ke6 46. Ne2 Kd6
47. Nd4 Ke7 48. Ne2 Kd6 49. Ng3 Ke6 50. h5 g5+ 51. Kf3 Ke5 52. h6 Bg6 53. Nf5
Bh7 54. Nd4 1-0

[Event "I Open"]
[Site "Bergamo ITA"]
[Date "2002.07.27"]
[Round "3"]
[White "Mazzotti, Federico"]
[Black "Braghetta, Sergio"]
[Result "0-1"]
[WhiteElo "1725"]
[BlackElo "2265"]
[PlyCount "32"]
[EventDate "2002.07.26"]

1. e4 Nc6 2. d4 e5 3. Nf3 Nf6 4. d5 Ne7 5. Bd3 Ng6 6. O-O Bc5 7. Nbd2 O-O 8.
Nb3 Bb6 9. a4 a6 10. c4 d6 11. Qc2 Bg4 12. Be2 Qe7 13. a5 Ba7 14. h3 Bd7 15.
Ne1 h6 16. Nd3 Nxe4 0-1

[Event "I Open"]
[Site "Bergamo ITA"]
[Date "2002.07.27"]
[Round "3"]
[White "Mione, Dario"]
[Black "Rigamonti, Stefano"]
[Result "1/2-1/2"]
[WhiteElo "2271"]
[BlackElo "1863"]
[PlyCount "111"]
[EventDate "2002.07.26"]

1. d4 d5 2. Nf3 Nf6 3. Bg5 e6 4. e3 h6 5. Bxf6 Qxf6 6. Nbd2 c5 7. c3 Nc6 8. Bd3
Be7 9. e4 cxd4 10. cxd4 dxe4 11. Nxe4 Bb4+ 12. Kf1 Qd8 13. h4 O-O 14. a3 Be7
15. Bc2 Qb6 16. b4 Rd8 17. Qd3 Nxd4 18. Nxd4 Qxd4 19. Qxd4 Rxd4 20. Ke2 b6 21.
f3 Bb7 22. g3 Rad8 23. Rhd1 Rxd1 24. Rxd1 Rxd1 25. Bxd1 a5 26. bxa5 bxa5 27. a4
Bb4 28. g4 Kf8 29. Bc2 Ke7 30. g5 hxg5 31. hxg5 Bd5 32. f4 Ba3 33. Nc3 Bc4+ 34.
Bd3 Bb3 35. Bb5 Bc1 36. Kf3 Bd2 37. Ne2 Kd6 38. Ng3 Bd5+ 39. Kg4 Kc5 40. Be8
f5+ 41. gxf6 gxf6 42. Nh5 Bc3 43. f5 exf5+ 44. Kxf5 Bc6 45. Bxc6 Kxc6 46. Nxf6
Bxf6 47. Kxf6 Kc5 48. Ke5 Kb4 49. Kd4 Kxa4 50. Kc4 Ka3 51. Kc3 Ka2 52. Kc2 a4
53. Kc1 a3 54. Kc2 Ka1 55. Kc1 a2 56. Kc2 1/2-1/2

[Event "I Open"]
[Site "Bergamo ITA"]
[Date "2002.07.27"]
[Round "3"]
[White "Pede, Lucio"]
[Black "Del Monte, Jorge Luis"]
[Result "0-1"]
[WhiteElo "1645"]
[BlackElo "2046"]
[PlyCount "50"]
[EventDate "2002.07.26"]

1. e4 c5 2. c3 Nf6 3. e5 Nd5 4. c4 Nc7 5. Nc3 Nc6 6. Nf3 g6 7. Bd3 Bg7 8. Qe2
O-O 9. h4 d5 10. h5 Bg4 11. hxg6 fxg6 12. cxd5 Nxe5 13. Be4 e6 14. dxe6 Nxe6
15. Bd5 Qd6 16. Rh4 Rae8 17. Kf1 Kh8 18. d3 Nxf3 19. Bxf3 Nd4 20. Qd1 Nxf3 21.
gxf3 Bxf3 22. Qd2 Qe7 23. Rh3 Qe6 24. Rh4 Qf5 25. a4 Be2+ 0-1

[Event "I Open"]
[Site "Bergamo ITA"]
[Date "2002.07.27"]
[Round "3"]
[White "Pegoraro, Nicola"]
[Black "Orsenigo, Davide"]
[Result "1-0"]
[WhiteElo "2086"]
[BlackElo "1660"]
[PlyCount "29"]
[EventDate "2002.07.26"]

1. e4 c5 2. Nf3 Nf6 3. e5 Nd5 4. d4 cxd4 5. Qxd4 e6 6. Bc4 Nc6 7. Qe4 Nb6 8.
Bb3 d6 9. exd6 Bxd6 10. O-O O-O 11. Nc3 Nd7 12. Rd1 Nf6 13. Qh4 Qe7 14. Bg5 Bb4
15. Ne4 1-0

[Event "I Open"]
[Site "Bergamo ITA"]
[Date "2002.07.27"]
[Round "3"]
[White "Punteri, Marco"]
[Black "Ranfagni, Stefano"]
[Result "1-0"]
[WhiteElo "1903"]
[BlackElo "1624"]
[PlyCount "59"]
[EventDate "2002.07.26"]

1. d4 e6 2. c4 Nf6 3. Nc3 Bb4 4. a3 Bxc3+ 5. bxc3 O-O 6. e3 d6 7. Bd3 c5 8. Ne2
b6 9. O-O Bb7 10. f3 Qe7 11. e4 e5 12. Ng3 Bc8 13. Bg5 h6 14. Be3 Nc6 15. d5
Na5 16. Ra2 Bd7 17. Raf2 a6 18. h3 Nh7 19. f4 f6 20. Qh5 Qe8 21. Qh4 exf4 22.
Bxf4 g5 23. Qxh6 gxf4 24. Nh5 Qe7 25. Rxf4 Rf7 26. e5 f5 27. e6 Rff8 28. Bxf5
Rxf5 29. Rxf5 Be8 30. Rf7 1-0

[Event "I Open"]
[Site "Bergamo ITA"]
[Date "2002.07.27"]
[Round "3"]
[White "Rossi, Giampiero"]
[Black "Fracasso Pezzolato, Michele"]
[Result "1-0"]
[WhiteElo "2064"]
[BlackElo "1645"]
[PlyCount "95"]
[EventDate "2002.07.26"]

1. d4 Nf6 2. c4 c5 3. dxc5 e6 4. Nc3 Bxc5 5. Nf3 b6 6. a3 a5 7. e3 Bb7 8. Be2
d5 9. cxd5 Nxd5 10. Bd2 Nd7 11. O-O O-O 12. Rc1 Rc8 13. Qa4 Bd6 14. Rfd1 Nc5
15. Qc2 Ne4 16. Qd3 f5 17. Be1 Rf6 18. Nxe4 fxe4 19. Rxc8 Qxc8 20. Qxe4 Nc3 21.
Qd3 Nxe2+ 22. Qxe2 Bxf3 23. gxf3 Rg6+ 24. Kh1 Qc5 25. f4 h5 26. Bc3 h4 27. Qf3
Be7 28. Rg1 Qf5 29. Rxg6 Qxg6 30. h3 Qb1+ 31. Kg2 Qg6+ 32. Qg4 Qe4+ 33. f3 Qc2+
34. Kh1 Qc1+ 35. Qg1 Qxg1+ 36. Kxg1 g5 37. fxg5 Bxg5 38. Kf2 Kf7 39. a4 Ke7 40.
Bd4 Bf6 41. Bxb6 Bxb2 42. Bxa5 Kd7 43. Bb4 Bf6 44. f4 Kc6 45. e4 e5 46. f5 Kb6
47. Kf3 Kc6 48. Kg4 1-0

[Event "I Open"]
[Site "Bergamo ITA"]
[Date "2002.07.27"]
[Round "3"]
[White "Venturini, Fabiano"]
[Black "Zilio, Lodovico"]
[Result "1-0"]
[WhiteElo "1731"]
[BlackElo "1500"]
[PlyCount "63"]
[EventDate "2002.07.26"]

1. e4 c5 2. Nf3 d6 3. d4 cxd4 4. Nxd4 Nf6 5. Nc3 e6 6. f3 Be7 7. Be3 a6 8. Qd2
O-O 9. O-O-O b5 10. g4 Bb7 11. h4 Nc6 12. h5 Ne5 13. g5 Nxf3 14. Nxf3 Nxe4 15.
Nxe4 Bxe4 16. Bg2 Rc8 17. Ne1 Bf5 18. Bh3 Be4 19. Rg1 Re8 20. g6 f5 21. h6 hxg6
22. Rxg6 Bf6 23. Bg5 Bxg5 24. Rxg7+ Kh8 25. Rxg5 Re7 26. Qxd6 Qxd6 27. Rxd6
Rec7 28. c3 Rxc3+ 29. bxc3 Rxc3+ 30. Kd1 Rxh3 31. Rxe6 Ra3 32. Rg7 1-0

[Event "I Open"]
[Site "Bergamo ITA"]
[Date "2002.07.27"]
[Round "3"]
[White "Vezzosi, Paolo"]
[Black "Trazzi, Enrico"]
[Result "1-0"]
[WhiteElo "2397"]
[BlackElo "1500"]
[PlyCount "39"]
[EventDate "2002.07.26"]

1. d4 b5 2. Nf3 Bb7 3. e4 a6 4. Bd3 e6 5. a4 bxa4 6. O-O d5 7. e5 Nd7 8. Rxa4
c5 9. Re1 cxd4 10. Rxd4 Ne7 11. Rh4 g6 12. Nc3 Bg7 13. Bh6 O-O 14. Qd2 g5 15.
Bxh7+ Kh8 16. Bxg7+ Kxg7 17. Qxg5+ Ng6 18. Qh6+ Kh8 19. Bxg6+ Kg8 20. Qh7# 1-0

[Event "I Open"]
[Site "Bergamo ITA"]
[Date "2002.07.27"]
[Round "4"]
[White "Braghetta, Sergio"]
[Black "Belotti, Bruno"]
[Result "0-1"]
[WhiteElo "2265"]
[BlackElo "2430"]
[PlyCount "76"]
[EventDate "2002.07.26"]

1. d4 Nf6 2. Nf3 g6 3. Bg5 Bg7 4. Nbd2 O-O 5. e4 d6 6. Bd3 c5 7. d5 h6 8. Bh4
e6 9. dxe6 Bxe6 10. O-O Nc6 11. c3 Re8 12. Qc2 Qc7 13. Rfe1 Rab8 14. a4 a6 15.
Nc4 Nh5 16. Ne3 b5 17. axb5 axb5 18. Qd2 Na5 19. Bc2 Nc4 20. Nxc4 bxc4 21. Ba4
Rec8 22. Ra2 Rb6 23. Rea1 Rcb8 24. Bd1 Qb7 25. Bc2 Rxb2 26. Rxb2 Qxb2 27. Rb1
Qxb1+ 28. Bxb1 Rxb1+ 29. Ne1 Nf4 30. f3 g5 31. Kf1 Nd3 32. Bg3 Rc1 33. Qa2 Bxc3
34. Qa8+ Kh7 35. Ke2 Nxe1 36. h4 Rc2+ 37. Kf1 Nxg2 38. hxg5 Ne3+ 0-1

[Event "I Open"]
[Site "Bergamo ITA"]
[Date "2002.07.27"]
[Round "4"]
[White "Ceresoli, Luigi"]
[Black "Fezzardi, Emanuele"]
[Result "1-0"]
[WhiteElo "2204"]
[BlackElo "1747"]
[PlyCount "39"]
[EventDate "2002.07.26"]

1. e4 e6 2. d4 d5 3. Nc3 dxe4 4. Nxe4 Nd7 5. Nf3 Ngf6 6. Nxf6+ Nxf6 7. Bg5 Be7
8. Bd3 O-O 9. Qe2 c5 10. O-O-O Qc7 11. h4 Rd8 12. dxc5 Qxc5 13. Bxf6 Bxf6 14.
Bxh7+ Kxh7 15. Rxd8 Bxd8 16. Qd3+ Kg8 17. Qxd8+ Qf8 18. Qd3 b6 19. Ng5 f5 20.
Qf3 1-0

[Event "I Open"]
[Site "Bergamo ITA"]
[Date "2002.07.27"]
[Round "4"]
[White "Del Monte, Jorge Luis"]
[Black "Foroni, Francesco"]
[Result "1-0"]
[WhiteElo "2046"]
[BlackElo "1685"]
[PlyCount "53"]
[EventDate "2002.07.26"]

1. e4 Nc6 2. Bc4 e6 3. Nc3 Nf6 4. d3 d5 5. exd5 exd5 6. Bb3 Be6 7. Nf3 Qd7 8.
Bf4 a6 9. Ne2 Be7 10. Qd2 b5 11. h3 Bb4 12. c3 Be7 13. Bc2 Bc5 14. Be5 Be7 15.
Qe3 b4 16. Ba4 O-O 17. O-O bxc3 18. bxc3 Nxe5 19. Bxd7 Nxf3+ 20. Qxf3 Bxd7 21.
Nf4 c6 22. Rab1 Rab8 23. g4 h6 24. Ng2 Bd6 25. Ne3 Rxb1 26. Rxb1 Rb8 27. Qd1
1-0

[Event "I Open"]
[Site "Bergamo ITA"]
[Date "2002.07.27"]
[Round "4"]
[White "Efimov, Igor"]
[Black "Dragojlovic, Andjelko"]
[Result "1/2-1/2"]
[WhiteElo "2463"]
[BlackElo "2351"]
[PlyCount "75"]
[EventDate "2002.07.26"]

1. d4 Nf6 2. c4 g6 3. g3 c6 4. Nf3 Bg7 5. Bg2 O-O 6. Nc3 d5 7. cxd5 cxd5 8. Ne5
Nc6 9. Nxc6 bxc6 10. O-O e5 11. dxe5 Ng4 12. b3 Re8 13. Bb2 Nxe5 14. Qd2 Ba6
15. Rfd1 Rb8 16. Rac1 Ng4 17. h3 Nxf2 18. Kxf2 Qb6+ 19. Kf3 Bxe2+ 20. Nxe2 Bxb2
21. Rc2 Bg7 22. Bf1 d4 23. Kg2 d3 24. Qxd3 Rbd8 25. Nd4 Rxd4 26. Qf3 Rxd1 27.
Qxd1 Re3 28. Re2 Be5 29. Rxe3 Qxe3 30. Qf3 Qd2+ 31. Qe2 Qd6 32. Qf3 Kg7 33. Bc4
f5 34. Qd3 Bd4 35. Qe2 Be5 36. Qd3 Bd4 37. Qe2 Qb4 38. h4 1/2-1/2

[Event "I Open"]
[Site "Bergamo ITA"]
[Date "2002.07.27"]
[Round "4"]
[White "Elitropi, Giorgio"]
[Black "Barlocco, Carlo"]
[Result "0-1"]
[WhiteElo "1701"]
[BlackElo "2136"]
[PlyCount "78"]
[EventDate "2002.07.26"]

1. f4 d5 2. Nf3 Nf6 3. e3 g6 4. b3 Bg7 5. Bb2 O-O 6. Be2 c5 7. O-O Nc6 8. Ne5
Qc7 9. Nc3 a6 10. d4 cxd4 11. exd4 Bf5 12. g4 Be4 13. g5 Ne8 14. Nxe4 dxe4 15.
Bg4 Rd8 16. Nxc6 Qxc6 17. c3 f5 18. gxf6 Nxf6 19. Be2 b5 20. c4 bxc4 21. Bxc4+
e6 22. f5 gxf5 23. Rxf5 Nd5 24. Rg5 Kh8 25. Qh5 Bf6 26. Rg3 Rg8 27. Rf1 Rxg3+
28. hxg3 Qd6 29. Kh2 Rg8 30. Qh3 Rg6 31. Be2 Ne3 32. Rf4 Nf5 33. Bg4 Rh6 34.
Bh5 Ng7 35. Rxf6 Rxh5 36. Qxh5 Nxh5 37. Rxe6 Qxg3+ 38. Kh1 Qh3+ 39. Kg1 Qe3+
0-1

[Event "I Open"]
[Site "Bergamo ITA"]
[Date "2002.07.27"]
[Round "4"]
[White "Guglielmi, Dante"]
[Black "Chiaretti, Roberto"]
[Result "1/2-1/2"]
[WhiteElo "1747"]
[BlackElo "2199"]
[PlyCount "71"]
[EventDate "2002.07.26"]

1. c4 g6 2. g3 Bg7 3. Bg2 e5 4. e3 Ne7 5. Nc3 O-O 6. Nge2 d6 7. O-O c6 8. d4
Nd7 9. b4 exd4 10. Nxd4 Nb6 11. Qb3 c5 12. bxc5 dxc5 13. Ndb5 Qd3 14. Ba3 Be6
15. Rfd1 Qxc4 16. Qxc4 Nxc4 17. Bxc5 Rfe8 18. Bd4 Red8 19. Bxb7 Rab8 20. Bg2 a6
21. Bxg7 Kxg7 22. Nc7 Rxd1+ 23. Rxd1 Bg4 24. Rd4 Ne5 25. N7d5 Nxd5 26. Rxd5
Nf3+ 27. Bxf3 Bxf3 28. Rd2 a5 29. Rc2 a4 30. Rc1 a3 31. Nb1 Bd5 32. Nxa3 Bxa2
33. Rc3 Bd5 34. h3 h5 35. Rd3 Bf3 36. Rc3 1/2-1/2

[Event "I Open"]
[Site "Bergamo ITA"]
[Date "2002.07.27"]
[Round "4"]
[White "Lorusso, Giuseppe"]
[Black "Agnelli, Francesco"]
[Result "1-0"]
[WhiteElo "1708"]
[BlackElo "2146"]
[PlyCount "83"]
[EventDate "2002.07.26"]

1. d4 Nf6 2. c4 g6 3. Nc3 Bg7 4. e4 d6 5. Be2 O-O 6. Nf3 e5 7. O-O Nc6 8. d5
Ne7 9. Ne1 Ne8 10. Nd3 f5 11. Bd2 Nf6 12. f3 Rf7 13. c5 f4 14. cxd6 cxd6 15.
Nf2 Bf8 16. a4 g5 17. h3 Ng6 18. Rc1 h5 19. Nb5 a6 20. Na3 Rg7 21. a5 Nh4 22.
Nc4 g4 23. fxg4 hxg4 24. hxg4 Nd7 25. Bb4 Rg6 26. Qb3 Rh6 27. Nh3 Be7 28. Rc2
Ng6 29. Rfc1 Nh8 30. g5 Bxg5 31. Nxd6 Nc5 32. Rxc5 Bxh3 33. Nxb7 Qe8 34. gxh3
f3 35. d6+ Nf7 36. Qxf3 Rf6 37. Qg4 Kh7 38. d7 Be3+ 39. Kh1 Qf8 40. d8=Q Nxd8
41. Rc7+ Nf7 42. Bxf8 1-0

[Event "I Open"]
[Site "Bergamo ITA"]
[Date "2002.07.27"]
[Round "4"]
[White "Mione, Dario"]
[Black "De Santis, Alessio"]
[Result "1/2-1/2"]
[WhiteElo "2271"]
[BlackElo "2243"]
[PlyCount "33"]
[EventDate "2002.07.26"]

1. Nf3 d6 2. d4 f5 3. g3 g6 4. Bg2 Bg7 5. c4 Nf6 6. Nc3 c6 7. O-O O-O 8. d5 a5
9. Nd4 Qe8 10. b3 Bd7 11. Bb2 Na6 12. Rc1 g5 13. Na4 c5 14. Ne6 Bxe6 15. dxe6
Qh5 16. e3 Qxd1 17. Rcxd1 1/2-1/2

[Event "I Open"]
[Site "Bergamo ITA"]
[Date "2002.07.27"]
[Round "4"]
[White "Molteni, Costantino"]
[Black "Rossi, Giampiero"]
[Result "0-1"]
[WhiteElo "1687"]
[BlackElo "2064"]
[PlyCount "66"]
[EventDate "2002.07.26"]

1. Nf3 d5 2. c4 e6 3. g3 Nf6 4. Bg2 Be7 5. O-O c6 6. b3 O-O 7. Bb2 Nbd7 8. d3
b6 9. Nbd2 Bb7 10. e3 Rc8 11. d4 Qc7 12. Rc1 Qb8 13. Re1 Rfd8 14. Qc2 c5 15.
Qb1 Qa8 16. cxd5 Bxd5 17. e4 Bb7 18. Qd3 cxd4 19. Nxd4 Rxc1 20. Bxc1 Nc5 21.
Qe3 Ng4 22. Qe2 Rxd4 23. Qxg4 Nd3 24. Nf3 Rxe4 25. Rxe4 Bxe4 26. Bh6 Bf6 27.
Nh4 Bxg2 28. Nxg2 Ne5 29. Qf4 Nf3+ 30. Kh1 Ne1 31. f3 Nxf3 32. Qg4 Ne1 33. Qh3
Nxg2 0-1

[Event "I Open"]
[Site "Bergamo ITA"]
[Date "2002.07.27"]
[Round "4"]
[White "Naumkin, Igor"]
[Black "Contin, Daniel"]
[Result "1-0"]
[WhiteElo "2436"]
[BlackElo "2334"]
[PlyCount "57"]
[EventDate "2002.07.26"]

1. d4 Nf6 2. Nf3 e6 3. c4 b6 4. g3 Ba6 5. b3 Bb4+ 6. Bd2 Be7 7. Nc3 d5 8. cxd5
exd5 9. Bg2 O-O 10. O-O c5 11. Rc1 Nc6 12. Bg5 Rc8 13. dxc5 d4 14. Bxf6 dxc3
15. Qxd8 Bxd8 16. Bxc3 Bxe2 17. cxb6 Bxf1 18. b7 Rb8 19. Kxf1 f6 20. Nd4 Nxd4
21. Bxd4 Bb6 22. Bxb6 axb6 23. Bd5+ Kh8 24. a4 Rfd8 25. Bg2 Kg8 26. b4 Kf7 27.
a5 bxa5 28. bxa5 Rd6 29. Rc8 1-0

[Event "I Open"]
[Site "Bergamo ITA"]
[Date "2002.07.27"]
[Round "4"]
[White "Navarro, Stefano"]
[Black "Mazzotti, Federico"]
[Result "1-0"]
[WhiteElo "2122"]
[BlackElo "1725"]
[PlyCount "67"]
[EventDate "2002.07.26"]

1. e4 c5 2. Nf3 Nc6 3. d4 cxd4 4. Nxd4 Qc7 5. Nc3 Nf6 6. Be3 e6 7. a3 a6 8. Be2
b5 9. O-O Bb7 10. Kh1 Rc8 11. f4 Na5 12. Bf3 Nc4 13. Bc1 e5 14. Nde2 Bc5 15.
fxe5 Nxe5 16. Nf4 Nxf3 17. Qxf3 O-O 18. Ncd5 Nxd5 19. exd5 Bd6 20. c3 Qc4 21.
Rd1 Be5 22. Be3 Rfe8 23. Nh3 Bf6 24. Nf2 g6 25. Qxf6 Rxe3 26. Qg5 Rce8 27. Ng4
Re2 28. Nf6+ Kg7 29. Nxe8+ Rxe8 30. Re1 Re2 31. Rxe2 Qxe2 32. Qh4 Qxb2 33. Qd4+
Kg8 34. Re1 1-0